书目信息 |
| 题名: |
计量工程光学
|
|
| 作者: | 徐家骅 主编 | |
| 分册: | ||
| 出版信息: | 北京 机械工业出版社 1981.7 |
|
| 页数: | 543页 | |
| 开本: | 26cm | |
| 丛书名: | ||
| 单 册: | ||
| 中图分类: | O439 | |
| 科图分类: | ||
| 主题词: | 光学 | |
| 电子资源: | ||
| ISBN: | ||
| 000 | 00510nam0 2200193 45 | |
| 001 | 0312221749 | |
| 005 | 20051102143037.68 | |
| 010 | @dCNY3.50 | |
| 100 | @a20031222d1981 km y0chiy0120 ea | |
| 101 | @achi | |
| 200 | 1 | @a计量工程光学@AJi Liang Gong Cheng Guang Xue@f徐家骅主编@FXu Jia Hua Zhu Bian |
| 210 | @a北京@c机械工业出版社@d1981.7 | |
| 215 | @a543页@d26cm | |
| 300 | @a高等学校试用教材 | |
| 606 | 0 | @a光学 |
| 690 | @aO439@v3 | |
| 701 | 0 | @a徐家骅@4主编 |
| 801 | @aCN@bTSTCL@c20051102 | |
| 905 | @dO439@e10 | |
| 计量工程光学/徐家骅主编.-北京:机械工业出版社,1981.7 |
| 543页;26cm |
| 高等学校试用教材 |
| ISBN :CNY3.50 |
| ● |
| 相关链接 |
|
|
|
|
正题名:计量工程光学
索取号:O439/10
 
预约/预借
| 序号 | 登录号 | 条形码 | 馆藏地/架位号 | 状态 | 备注 |
| 1 | 0109309 | 001461082 | 第二样本阅览室/ [索取号:O439/10] | 在馆 | |
| 2 | 0109310 | 202134270 | 密集书库/ [索取号:O439/10] | 在馆 |